000 02116cam a2200577 a 4500
999 _c57536
001 18356984
003 LIBRIS
005 20210419130741.0
008 150904s2015 sw ||||j |00| 1 swe d
020 _a9789187753954
_qinb.
035 _a(BOKR)9789187753954
040 _aBOKR
_dS
041 1 _aswe
_heng
044 _axxk
_aswe
082 0 4 _a823.914
_223/swe
100 1 _aHarker, Jillian
240 1 0 _aI love you, daddy.
_lSvenska
245 1 0 _aJag älskar dig pappa! /
_c[Jillian Harker ; illustrationer av Kristina Stephenson ; översättning: Marie Eriksson]
250 _a[Ny utg.]
260 _aBath :
_bParragon ;
_aGöteborg :
_bParakit,
_c2015
_e(Kina)
300 _a[25] s. :
_bill. ;
_c25 cm
500 _aFörsta svenska upplaga 2011
588 _aBOKR: Ursprungligen utgiven av Parragon
650 7 _aBjörnar
_2barn
_0246893
650 7 _aFar och son
_2barn
_0246898
650 7 _aFörmänskligade djur
_2barn
_0244775
655 7 _aBilderböcker
_2barngf
_0243956
655 7 _aBarn- och ungdomslitteratur
_2barngf
_0352941
700 1 _aStephenson, Kristina
_4ill
_49pu
700 1 _aEriksson, Marie,
_d1984-
_4trl
_0349280
942 _2z
_cBOOK